000 00694nam a2200229Ia 4500
005 20250108124851.0
008 008 250107s9999 xx 000 0 hin d
020 _a978-935552-261-0
037 _aTB
040 _aCRL
_bhin
_cCRL
041 _ahin
_2hin
084 _aΔ2wN P6
084 _qCRL
100 _aपाडिया, चन्द्रकला, ले.
245 0 _aएक यात्रा शिखर तक
_cपाडिया, चन्द्रकला, ले.
260 _c2495
300 _a488पृ0
365 _aINR
_b200
650 _aराजनीति विज्ञान
942 _cTB
_hΔ2wN P6
999 _c1234883
_d1234883